History - World | 2 | 10 | 0 | 0 | 130 | 54 | 86.33 | 0 | 0 |
History - European | 2 | 10 | 0 | 0 | 130 | 26 | 80.33 | 0 | 0 |
History - American | 4 | 6 | 0 | 0 | 120 | 16 | 70.80 | 0 | 2 |
History - Cross, Historiography, and Miscellaneous | 4 | 4 | 0 | 0 | 100 | 37 | 80.25 | 2 | 2 |
RMP - Christian Practice | 2 | 2 | 0 | 0 | 50 | 69 | 78.00 | 0 | 0 |
Fine Arts - Music | 0 | 4 | 0 | 0 | 40 | 96 | 102.00 | 0 | 0 |
Other - Other Academic and General Knowledge | 0 | 4 | 0 | 0 | 40 | 79 | 90.50 | 0 | 0 |
Geography - World | 2 | 0 | 0 | 0 | 30 | 35 | 35.00 | 0 | 0 |
Fine Arts - Painting | 2 | 0 | 0 | 0 | 30 | 39 | 39.00 | 2 | 2 |
RMP - Hebrew Bible | 2 | 0 | 0 | 0 | 30 | 32 | 32.00 | 0 | 2 |
Social Science - Economics | 0 | 2 | 0 | 0 | 20 | 71 | 71.00 | 0 | 0 |
Geography - United States | 0 | 2 | 0 | 0 | 20 | 63 | 63.00 | 0 | 0 |
RMP - World Mythology | 0 | 2 | 0 | 0 | 20 | 123 | 123.00 | 0 | 0 |
Science - Engineering and Miscellaneous | 0 | 2 | 0 | 0 | 20 | 113 | 113.00 | 0 | 0 |
RMP - Hinduism | 0 | 2 | 0 | 0 | 20 | 116 | 116.00 | 0 | 0 |
RMP - Islam | 0 | 2 | 0 | 0 | 20 | 121 | 121.00 | 0 | 0 |
RMP - Greco-Roman Mythology | 0 | 0 | 0 | 0 | 0 | | 0.00 | 0 | 0 |
Current Events - World | 0 | 0 | 0 | 0 | 0 | | 0.00 | 0 | 0 |